[Event "European School-ch 2019"]
[Site "Mamaia"]
[Date "2019.06.03"]
[Round "4.27"]
[White "Zhelev, Nikolay"]
[Black "Monga, Kanav"]
[Result "1-0"]
[WhiteElo "1710"]
[BlackElo "1416"]
[Annotator "NA"]
[PlyCount "49"]
[EventDate "2019.05.31"]
[EventType "swiss"]
[EventCountry "ROU"]
[SourceTitle "playchess.com"]
[Source "ChessBase"]
[SourceQuality "1"]
[TimeControl "40/5400+30:1800+30"]

1. e4 {[%emt 0:00:00]} c5 {[%emt 0:00:00]} 2. Nc3 {[%emt 0:00:00]} e6 {[%emt 0:00:28]} 3. Nf3 {[%emt 0:00:56]} a6 {[%emt 0:00:22]} 4. g3 {[%emt 0:02:18]} Nc6 {[%emt 0:00:52]} 5. Bg2 {[%emt 0:02:33]} Qc7 {[%emt 0:00:33]} 6. O-O {[%emt 0:01:42]} Nf6 {[%emt 0:00:31]} 7. d3 {[%emt 0:02:01]} Be7 {[%emt 0:00:38]} 8. Ng5 {[%emt 0:07:05]} h6 {[%emt 0:03:26]} 9. Nh3 {[%emt 0:00:13]} O-O {[%emt 0:01:34]} 10. f4 {[%emt 0:02:41]} d6 {[%emt 0:00:43]} 11. Nf2 {[%emt 0:19:10]} e5 {[%emt 0:13:58]} 12. f5 {[%emt 0:03:28]} Rd8 {[%emt 0:04:50]} 13. Ng4 {[%emt 0:03:20]} Ne8 {[%emt 0:10:37]} 14. Nd5 {[%emt 0:02:03]} Qd7 {[%emt 0:05:08]} 15. Nb6 {[%emt 0:01:59]} Qc7 {[%emt 0:02:59]} 16. Nxa8 {[%emt 0:00:07]} Qd7 {[%emt 0:00:18]} 17. Nb6 {[%emt 0:00:10]} Qc7 {[%emt 0:00:04]} 18. Nd5 {[%emt 0:00:32]} Qd7 {[%emt 0:00:15]} 19. f6 {[%emt 0:11:55]} Bxf6 {[%emt 0:01:27]} 20. Ngxf6+ {[%emt 0:00:57]} Nxf6 {[%emt 0:00:30]} 21. Rxf6 {[%emt 0:01:51]} Ne7 {[%emt 0:01:38]} 22. Nxe7+ {[%emt 0:03:08]} Qxe7 {[%emt 0:00:11]} 23. Rf2 {[%emt 0:00:07]} b5 {[%emt 0:01:14]} 24. Qh5 {[%emt 0:01:54]} Rf8 {[%emt 0:01:35]} 25. Bh3 {[%emt 0:01:20]} 1-0

[Event "European School-ch 2019"]
[Site "Mamaia"]
[Date "2019.06.03"]
[Round "4.28"]
[White "Zheng, Harry Z"]
[Black "Tutunculer, Cagan"]
[Result "0-1"]
[WhiteElo "1653"]
[BlackElo "1193"]
[Annotator "NA"]
[PlyCount "106"]
[EventDate "2019.05.31"]
[EventType "swiss"]
[EventCountry "ROU"]
[SourceTitle "playchess.com"]
[Source "ChessBase"]
[SourceQuality "1"]
[TimeControl "40/5400+30:1800+30"]

1. e4 {[%emt 0:00:00]} c5 {[%emt 0:00:00]} 2. Nf3 {[%emt 0:00:05]} d6 {[%emt 0:00:15]} 3. d4 {[%emt 0:00:27]} cxd4 {[%emt 0:00:13]} 4. Nxd4 {[%emt 0:00:25]} Nf6 {[%emt 0:00:23]} 5. Nc3 {[%emt 0:00:27]} g6 {[%emt 0:00:19]} 6. Be3 {[%emt 0:00:17]} Bg7 {[%emt 0:00:18]} 7. f3 {[%emt 0:00:26]} O-O {[%emt 0:00:25]} 8. Qd2 {[%emt 0:00:30]} Nc6 {[%emt 0:00:36]} 9. O-O-O {[%emt 0:00:20]} d5 {[%emt 0:00:27]} 10. exd5 {[%emt 0:00:45]} Nxd5 {[%emt 0:00:22]} 11. Nxc6 {[%emt 0:01:05]} bxc6 {[%emt 0:00:34]} 12. Bd4 {[%emt 0:00:30]} Bxd4 {[%emt 0:00:30]} 13. Qxd4 {[%emt 0:00:30]} Qb6 {[%emt 0:00:30]} 14. Na4 {[%emt 0:00:30]} Qc7 {[%emt 0:00:30]} 15. Nc5 {[%emt 0:08:22]} Nf4 {[%emt 0:15:32]} 16. g3 {[%emt 0:09:40]} Ne6 {[%emt 0:00:54]} 17. Qc3 {[%emt 0:05:41]} Nxc5 {[%emt 0:04:41]} 18. Qxc5 {[%emt 0:00:17]} Be6 {[%emt 0:00:46]} 19. a3 {[%emt 0:05:03]} Rfd8 {[%emt 0:07:34]} 20. Bg2 {[%emt 0:08:34]} Rd6 {[%emt 0:10:53]} 21. f4 {[%emt 0:08:26]} Rc8 {[%emt 0:03:37]} 22. Rxd6 exd6 {[%emt 0:01:18]} 23. Qc3 {[%emt 0:15:36]} Qb6 {[%emt 0:01:14]} 24. Rf1 {[%emt 0:02:38]} d5 {[%emt 0:02:26]} 25. Qd2 {[%emt 0:02:04]} d4 {[%emt 0:03:45]} 26. Rd1 {[%emt 0:03:53]} c5 {[%emt 0:00:53]} 27. h3 {[%emt 0:02:17]} Rb8 {[%emt 0:04:09]} 28. c3 {[%emt 0:01:20]} Qb3 {[%emt 0:04:27]} 29. Qc2 {[%emt 0:06:53]} Qxc2+ {[%emt 0:00:14]} 30. Kxc2 {[%emt 0:00:13]} Bb3+ {[%emt 0:00:09]} 31. Kc1 {[%emt 0:00:48]} Bxd1 {[%emt 0:00:07]} 32. Kxd1 {[%emt 0:00:07]} Rxb2 {[%emt 0:00:08]} 33. Be4 {[%emt 0:00:10]} dxc3 {[%emt 0:00:15]} 34. Kc1 {[%emt 0:00:13]} Ra2 {[%emt 0:00:45]} 35. g4 {[%emt 0:00:14]} Rxa3 {[%emt 0:00:09]} 36. Kc2 {[%emt 0:00:04]} Ra4 {[%emt 0:00:57]} 37. Bd3 {[%emt 0:00:23]} Rxf4 {[%emt 0:00:16]} 38. Kxc3 {[%emt 0:00:12]} Kg7 {[%emt 0:00:25]} 39. Be2 {[%emt 0:00:44]} Kf6 {[%emt 0:00:22]} 40. Kd2 {[%emt 0:00:00]} Rf2 {[%emt 0:00:00]} 41. Ke3 {[%emt 0:00:35]} Rxe2+ 42. Kxe2 {[%emt 0:00:04]} Kg5 {[%emt 0:00:35]} 43. Kd3 {[%emt 0:00:09]} Kh4 {[%emt 0:00:10]} 44. Kc4 {[%emt 0:00:32]} Kxh3 {[%emt 0:00:07]} 45. g5 {[%emt 0:00:09]} Kg4 {[%emt 0:00:06]} 46. Kxc5 {[%emt 0:00:04]} Kxg5 {[%emt 0:00:09]} 47. Kd6 {[%emt 0:01:46]} h5 {[%emt 0:00:10]} 48. Ke7 {[%emt 0:00:16]} h4 {[%emt 0:00:08]} 49. Kf8 {[%emt 0:00:05]} h3 {[%emt 0:00:08]} 50. Kg8 {[%emt 0:00:30]} h2 {[%emt 0:00:09]} 51. Kg7 {[%emt 0:00:05]} h1=Q {[%emt 0:00:08]} 52. Kg8 {[%emt 0:00:05]} Kf6 {[%emt 0:00:08]} 53. Kf8 {[%emt 0:00:03]} Qh8# 0-1

[Event "European School-ch 2019"]
[Site "Mamaia"]
[Date "2019.06.03"]
[Round "4.29"]
[White "Karimli, Yusif"]
[Black "Utlu, Mustafa Ali"]
[Result "1-0"]
[WhiteElo "1470"]
[BlackElo "1148"]
[Annotator "NA"]
[PlyCount "93"]
[EventDate "2019.05.31"]
[EventType "swiss"]
[EventCountry "ROU"]
[SourceTitle "playchess.com"]
[Source "ChessBase"]
[SourceQuality "1"]
[TimeControl "40/5400+30:1800+30"]

1. d4 {[%emt 0:00:00]} Nf6 {[%emt 0:00:00]} 2. Nf3 {[%emt 0:00:00]} g6 {[%emt 0:00:00]} 3. e3 {[%emt 0:00:09]} Bg7 {[%emt 0:00:00]} 4. Be2 {[%emt 0:00:26]} O-O {[%emt 0:00:27]} 5. O-O {[%emt 0:00:37]} d5 {[%emt 0:00:51]} 6. b3 {[%emt 0:00:37]} c5 {[%emt 0:00:44]} 7. Bb2 {[%emt 0:02:29]} Nc6 {[%emt 0:01:07]} 8. Nbd2 {[%emt 0:01:06]} cxd4 {[%emt 0:01:54]} 9. exd4 {[%emt 0:01:27]} Nh5 {[%emt 0:00:29]} 10. Ne5 {[%emt 0:14:20]} Nf4 {[%emt 0:01:06]} 11. Bf3 {[%emt 0:03:03]} g5 {[%emt 0:04:00]} 12. Nxc6 {[%emt 0:09:14]} bxc6 {[%emt 0:00:35]} 13. g3 {[%emt 0:03:31]} Ng6 {[%emt 0:00:39]} 14. Re1 {[%emt 0:04:36]} f5 {[%emt 0:03:37]} 15. Bg2 {[%emt 0:17:17]} g4 {[%emt 0:01:45]} 16. f3 {[%emt 0:07:35]} f4 {[%emt 0:00:36]} 17. fxg4 {[%emt 0:00:44]} fxg3 {[%emt 0:00:16]} 18. hxg3 {[%emt 0:00:19]} Qd6 {[%emt 0:01:32]} 19. Nf1 {[%emt 0:06:01]} Ba6 {[%emt 0:01:04]} 20. Re3 {[%emt 0:00:40]} e5 {[%emt 0:01:21]} 21. c4 {[%emt 0:01:37]} e4 {[%emt 0:01:02]} 22. cxd5 {[%emt 0:00:39]} cxd5 {[%emt 0:00:14]} 23. g5 {[%emt 0:04:17]} h6 {[%emt 0:01:23]} 24. Qh5 {[%emt 0:00:24]} Ne7 {[%emt 0:02:30]} 25. gxh6 {[%emt 0:02:49]} Bxh6 {[%emt 0:01:24]} 26. Rc3 {[%emt 0:02:24]} Rf5 {[%emt 0:03:00]} 27. Qg4+ {[%emt 0:01:26]} Rg5 {[%emt 0:03:29]} 28. Qf4 {[%emt 0:04:13]} Qb6 {[%emt 0:02:12]} 29. Rc5 {[%emt 0:01:40]} Bxf1 {[%emt 0:03:14]} 30. Rxf1 {[%emt 0:02:09]} Rf8 {[%emt 0:00:28]} 31. Qc7 {[%emt 0:01:53]} Rxf1+ {[%emt 0:00:28]} 32. Bxf1 {[%emt 0:00:11]} Qxc7 {[%emt 0:00:37]} 33. Rxc7 {[%emt 0:00:10]} Rxg3+ {[%emt 0:00:15]} 34. Kf2 {[%emt 0:00:19]} Nf5 {[%emt 0:04:21]} 35. Rd7 {[%emt 0:01:11]} Rf3+ {[%emt 0:00:58]} 36. Ke1 {[%emt 0:00:39]} Ng3 {[%emt 0:00:58]} 37. Bb5 {[%emt 0:02:01]} e3 {[%emt 0:04:58]} 38. Rxd5 {[%emt 0:01:55]} Rf2 {[%emt 0:02:02]} 39. Rd8+ {[%emt 0:01:49]} Kg7 {[%emt 0:01:07]} 40. Rd7+ {[%emt 0:00:00]} Kf6 {[%emt 0:00:00]} 41. Rd6+ {[%emt 0:05:56]} Kg5 {[%emt 0:02:32]} 42. Bc1 {[%emt 0:01:46]} Rxa2 {[%emt 0:09:47]} 43. Bxe3+ {[%emt 0:00:12]} Kg4 {[%emt 0:01:16]} 44. Rxh6 {[%emt 0:03:23]} Kf3 {[%emt 0:01:22]} 45. Bc1 {[%emt 0:00:48]} Ne4 {[%emt 0:01:20]} 46. Rh3+ {[%emt 0:01:36]} Kg4 {[%emt 0:00:24]} 47. Re3 {[%emt 0:00:25]} 1-0

[Event "European School-ch 2019"]
[Site "Mamaia"]
[Date "2019.06.03"]
[Round "4.30"]
[White "Durucay, Uygar"]
[Black "Yasmo, Daniil"]
[Result "1-0"]
[WhiteElo "1575"]
[BlackElo "1424"]
[Annotator "NA"]
[PlyCount "64"]
[EventDate "2019.05.31"]
[EventType "swiss"]
[EventCountry "ROU"]
[SourceTitle "playchess.com"]
[Source "ChessBase"]
[SourceQuality "1"]
[TimeControl "40/5400+30:1800+30"]

1. d4 {[%emt 0:00:12]} d5 {[%emt 0:00:02]} 2. Bf4 {[%emt 0:00:19]} Nf6 {[%emt 0:00:36]} 3. e3 {[%emt 0:00:38]} e6 {[%emt 0:00:26]} 4. Nf3 {[%emt 0:01:02]} Bd6 {[%emt 0:01:03]} 5. Bg3 {[%emt 0:00:45]} O-O {[%emt 0:01:12]} 6. Bd3 {[%emt 0:00:54]} b6 {[%emt 0:01:36]} 7. O-O {[%emt 0:03:05]} Bb7 {[%emt 0:01:10]} 8. Nbd2 {[%emt 0:01:31]} c5 {[%emt 0:01:39]} 9. c3 {[%emt 0:03:27]} Nc6 {[%emt 0:01:23]} 10. Ne5 {[%emt 0:01:56]} Qc7 {[%emt 0:01:53]} 11. f4 {[%emt 0:04:44]} Ne7 {[%emt 0:02:32]} 12. Qb1 {[%emt 0:12:11]} Ng6 {[%emt 0:07:06]} 13. Rf3 {[%emt 0:07:49]} Qe7 {[%emt 0:27:49]} 14. Be1 {[%emt 0:09:45]} Rac8 {[%emt 0:05:57]} 15. Rh3 {[%emt 0:01:33]} Bxe5 {[%emt 0:14:40]} 16. fxe5 {[%emt 0:01:19]} Ne8 {[%emt 0:00:41]} 17. Qd1 {[%emt 0:04:43]} Qg5 {[%emt 0:04:52]} 18. Bxg6 {[%emt 0:02:06]} fxg6 {[%emt 0:00:51]} 19. Bh4 {[%emt 0:00:44]} Qf5 {[%emt 0:00:45]} 20. Qe2 {[%emt 0:01:38]} Nc7 {[%emt 0:03:59]} 21. Be7 {[%emt 0:02:54]} Rfe8 {[%emt 0:01:44]} 22. Rf1 {[%emt 0:04:51]} Qc2 {[%emt 0:07:15]} 23. Bd6 {[%emt 0:02:58]} Qa4 {[%emt 0:04:18]} 24. Qf2 {[%emt 0:00:45]} Qd7 {[%emt 0:00:29]} 25. Rf3 {[%emt 0:00:34]} h6 {[%emt 0:01:31]} 26. Rf7 {[%emt 0:01:12]} Qd8 {[%emt 0:01:01]} 27. Qg3 {[%emt 0:03:31]} Kh7 {[%emt 0:00:41]} 28. R1f6 {[%emt 0:02:32]} g5 {[%emt 0:00:55]} 29. Qh3 {[%emt 0:00:30]} Kg8 {[%emt 0:02:39]} 30. Rxg7+ {[%emt 0:00:12]} Kxg7 {[%emt 0:00:05]} 31. Qxh6+ {[%emt 0:00:06]} Kg8 {[%emt 0:01:50]} 32. Rg6+ {[%emt 0:00:10]} Kf7 {[%emt 0:00:07]} 1-0

[Event "European School-ch 2019"]
[Site "Mamaia"]
[Date "2019.06.03"]
[Round "4.31"]
[White "Anghelescu, Teodor-Stefan"]
[Black "Qalabegashvili, Data"]
[Result "1-0"]
[WhiteElo "1266"]
[BlackElo "1309"]
[Annotator "NA"]
[PlyCount "105"]
[EventDate "2019.05.31"]
[EventType "swiss"]
[EventCountry "ROU"]
[SourceTitle "playchess.com"]
[Source "ChessBase"]
[SourceQuality "1"]
[TimeControl "40/5400+30:1800+30"]

1. d4 {[%emt 0:00:00]} Nf6 {[%emt 0:00:00]} 2. Bf4 {[%emt 0:00:00]} g6 {[%emt 0:00:00]} 3. e3 {[%emt 0:00:00]} Bg7 {[%emt 0:00:05]} 4. Bd3 {[%emt 0:00:00]} d6 {[%emt 0:00:13]} 5. h4 {[%emt 0:01:09]} Nbd7 {[%emt 0:03:47]} 6. Nd2 {[%emt 0:00:22]} e5 {[%emt 0:00:39]} 7. Bg3 {[%emt 0:07:39]} exd4 {[%emt 0:01:27]} 8. exd4 {[%emt 0:00:11]} Nh5 {[%emt 0:03:55]} 9. c3 {[%emt 0:00:36]} Nxg3 {[%emt 0:02:12]} 10. fxg3 {[%emt 0:00:11]} Nf6 {[%emt 0:07:00]} 11. Qf3 {[%emt 0:05:00]} O-O {[%emt 0:03:44]} 12. Ne2 {[%emt 0:04:16]} Re8 {[%emt 0:02:53]} 13. Rf1 {[%emt 0:03:54]} Bg4 {[%emt 0:03:52]} 14. Qf4 {[%emt 0:05:51]} Qe7 {[%emt 0:02:03]} 15. Nf3 {[%emt 0:05:24]} Qe3 {[%emt 0:03:24]} 16. Qxe3 {[%emt 0:00:39]} Rxe3 {[%emt 0:00:10]} 17. Kd2 {[%emt 0:00:22]} Rae8 {[%emt 0:01:34]} 18. Rae1 {[%emt 0:01:07]} Bh6 {[%emt 0:04:09]} 19. Nf4 {[%emt 0:01:21]} Rxe1 {[%emt 0:01:35]} 20. Nxe1 {[%emt 0:01:11]} Ne4+ {[%emt 0:02:49]} 21. Bxe4 {[%emt 0:00:45]} Rxe4 {[%emt 0:00:06]} 22. Rf2 {[%emt 0:00:54]} c6 {[%emt 0:04:09]} 23. Ned3 {[%emt 0:00:37]} Kg7 {[%emt 0:03:04]} 24. a4 {[%emt 0:03:39]} b5 {[%emt 0:03:14]} 25. axb5 {[%emt 0:00:47]} cxb5 {[%emt 0:00:11]} 26. Nb4 {[%emt 0:01:38]} g5 {[%emt 0:05:47]} 27. hxg5 {[%emt 0:01:29]} Bxg5 {[%emt 0:01:12]} 28. Nbd5 {[%emt 0:01:21]} h5 {[%emt 0:04:03]} 29. Ne3 {[%emt 0:01:18]} f5 {[%emt 0:05:49]} 30. Kd3 {[%emt 0:01:43]} a5 {[%emt 0:02:42]} 31. Nxh5+ {[%emt 0:03:05]} Kh6 {[%emt 0:06:52]} 32. Nf4 {[%emt 0:01:50]} b4 {[%emt 0:02:05]} 33. Nxg4+ {[%emt 0:01:41]} Kh7 {[%emt 0:01:38]} 34. Ne3 {[%emt 0:01:02]} bxc3 {[%emt 0:01:25]} 35. bxc3 {[%emt 0:00:14]} Re8 {[%emt 0:02:27]} 36. Re2 {[%emt 0:00:23]} Ra8 {[%emt 0:00:51]} 37. Nc4 {[%emt 0:00:53]} Bd8 {[%emt 0:01:03]} 38. Nxd6 {[%emt 0:00:56]} a4 {[%emt 0:00:40]} 39. Nc4 a3 40. Ra2 {[%emt 0:04:17]} Be7 {[%emt 0:00:50]} 41. Nd5 {[%emt 0:00:46]} Bf8 {[%emt 0:00:39]} 42. Nc7 {[%emt 0:00:28]} Ra4 {[%emt 0:00:35]} 43. Nb5 {[%emt 0:00:20]} Kg6 {[%emt 0:00:13]} 44. d5 {[%emt 0:00:27]} Kf6 {[%emt 0:00:14]} 45. Nb6 {[%emt 0:00:20]} Rg4 {[%emt 0:00:23]} 46. Nd7+ {[%emt 0:00:08]} Ke7 {[%emt 0:00:16]} 47. Nxf8 {[%emt 0:00:06]} Kxf8 {[%emt 0:00:19]} 48. Rxa3 {[%emt 0:00:22]} Rxg3+ {[%emt 0:00:09]} 49. Kd4 {[%emt 0:00:06]} Rxg2 {[%emt 0:00:30]} 50. Ke5 {[%emt 0:00:07]} Rf2 {[%emt 0:00:24]} 51. Kf6 {[%emt 0:00:11]} Ke8 {[%emt 0:00:19]} 52. Nd6+ {[%emt 0:00:08]} Kd7 {[%emt 0:00:07]} 53. Nxf5 {[%emt 0:00:07]} 1-0

[Event "European School-ch 2019"]
[Site "Mamaia"]
[Date "2019.06.03"]
[Round "4.32"]
[White "Kumar, Sanjit S"]
[Black "Paunescu, Stefan-Vlad"]
[Result "1-0"]
[WhiteElo "1392"]
[BlackElo "1358"]
[Annotator "NA"]
[PlyCount "91"]
[EventDate "2019.05.31"]
[EventType "swiss"]
[EventCountry "ROU"]
[SourceTitle "playchess.com"]
[Source "ChessBase"]
[SourceQuality "1"]
[TimeControl "40/5400+30:1800+30"]

1. e4 {[%emt 0:00:00]} c5 {[%emt 0:00:00]} 2. Nf3 {[%emt 0:00:00]} e6 {[%emt 0:00:00]} 3. d4 {[%emt 0:00:00]} cxd4 {[%emt 0:00:00]} 4. Nxd4 {[%emt 0:00:00]} a6 {[%emt 0:00:00]} 5. c4 {[%emt 0:00:00]} Nf6 {[%emt 0:00:23]} 6. Nc3 {[%emt 0:00:04]} Qc7 {[%emt 0:01:18]} 7. Be2 {[%emt 0:00:53]} Be7 {[%emt 0:00:46]} 8. O-O {[%emt 0:01:16]} O-O {[%emt 0:01:05]} 9. Be3 {[%emt 0:01:13]} d6 {[%emt 0:00:58]} 10. Qd2 {[%emt 0:01:01]} Nbd7 {[%emt 0:01:04]} 11. f3 {[%emt 0:00:41]} Ne5 {[%emt 0:00:58]} 12. b3 {[%emt 0:01:34]} Rd8 {[%emt 0:00:53]} 13. Rac1 {[%emt 0:02:08]} Kh8 {[%emt 0:06:31]} 14. Rfd1 {[%emt 0:03:24]} Ned7 {[%emt 0:04:24]} 15. b4 {[%emt 0:12:02]} b6 {[%emt 0:06:37]} 16. a3 {[%emt 0:02:39]} Bb7 {[%emt 0:00:21]} 17. Qe1 {[%emt 0:02:45]} Bf8 {[%emt 0:01:47]} 18. Qf2 {[%emt 0:05:11]} Rab8 {[%emt 0:01:59]} 19. Nb3 {[%emt 0:14:44]} Rdc8 {[%emt 0:02:36]} 20. Na4 {[%emt 0:07:39]} Ba8 {[%emt 0:01:28]} 21. Nc3 {[%emt 0:10:18]} Ne5 {[%emt 0:02:01]} 22. Na4 {[%emt 0:01:12]} Ned7 {[%emt 0:00:13]} 23. Nb2 {[%emt 0:08:17]} g6 {[%emt 0:01:29]} 24. Nd3 {[%emt 0:03:28]} Bg7 {[%emt 0:00:58]} 25. Nd2 {[%emt 0:05:13]} Qd8 {[%emt 0:01:04]} 26. Bf4 {[%emt 0:02:43]} e5 {[%emt 0:00:47]} 27. Be3 {[%emt 0:01:10]} Nf8 {[%emt 0:01:50]} 28. c5 {[%emt 0:00:56]} d5 {[%emt 0:00:31]} 29. Nxe5 {[%emt 0:03:40]} Qe8 {[%emt 0:00:33]} 30. Nd3 {[%emt 0:01:23]} dxe4 {[%emt 0:00:39]} 31. fxe4 {[%emt 0:00:36]} Nxe4 {[%emt 0:00:38]} 32. Nxe4 {[%emt 0:00:10]} Qxe4 {[%emt 0:00:40]} 33. Bf3 Qe8 {[%emt 0:01:48]} 34. Bxa8 {[%emt 0:02:03]} Rxa8 {[%emt 0:00:13]} 35. cxb6 {[%emt 0:00:07]} Rxc1 {[%emt 0:00:41]} 36. Rxc1 {[%emt 0:01:00]} Rb8 {[%emt 0:01:32]} 37. Bf4 {[%emt 0:01:09]} Rd8 {[%emt 0:01:30]} 38. b7 {[%emt 0:01:01]} Qd7 {[%emt 0:02:32]} 39. b8=Q {[%emt 0:00:00]} Rxb8 {[%emt 0:00:00]} 40. Bxb8 {[%emt 0:00:00]} Bd4 {[%emt 0:00:00]} 41. Be5+ {[%emt 0:00:37]} Bxe5 42. Nxe5 {[%emt 0:00:10]} Qd5 {[%emt 0:01:26]} 43. Nxf7+ {[%emt 0:01:10]} Kg7 {[%emt 0:00:13]} 44. Rf1 {[%emt 0:00:04]} Qe6 {[%emt 0:00:36]} 45. Qd4+ {[%emt 0:00:07]} Kg8 {[%emt 0:00:20]} 46. Qh8# 1-0

[Event "European School-ch 2019"]
[Site "Mamaia"]
[Date "2019.06.03"]
[Round "4.33"]
[White "Bayramli, Rafael"]
[Black "Mammadli, Ali"]
[Result "1/2-1/2"]
[WhiteElo "1331"]
[BlackElo "1220"]
[Annotator "NA RC"]
[PlyCount "141"]
[EventDate "2019.05.31"]
[EventType "swiss"]
[EventCountry "ROU"]
[SourceTitle "playchess.com"]
[Source "ChessBase"]
[SourceQuality "1"]
[TimeControl "40/5400+30:1800+30"]

1. d4 {[%emt 0:00:00]} d5 {[%emt 0:00:00]} 2. Bf4 {[%emt 0:00:00]} Nf6 {[%emt 0:00:00]} 3. e3 {[%emt 0:00:00]} e6 {[%emt 0:00:00]} 4. Nf3 {[%emt 0:00:10]} c5 {[%emt 0:00:00]} 5. c3 {[%emt 0:00:35]} Nc6 {[%emt 0:00:00]} 6. Nbd2 {[%emt 0:00:25]} Be7 {[%emt 0:00:00]} 7. Bd3 {[%emt 0:00:13]} Nh5 {[%emt 0:00:03]} 8. Bg3 {[%emt 0:00:17]} Nxg3 {[%emt 0:00:04]} 9. hxg3 {[%emt 0:00:05]} g6 {[%emt 0:00:17]} 10. Qe2 {[%emt 0:01:09]} b6 {[%emt 0:00:25]} 11. Bb5 {[%emt 0:01:47]} Bd7 {[%emt 0:00:19]} 12. Bxc6 Bxc6 {[%emt 0:00:06]} 13. Ne5 {[%emt 0:02:45]} Rc8 {[%emt 0:01:04]} 14. Nxc6 Rxc6 15. Qb5 {[%emt 0:04:41]} Qd7 {[%emt 0:00:42]} 16. Nf3 {[%emt 0:01:18]} Bf6 {[%emt 0:02:32]} 17. a4 {[%emt 0:01:19]} Qb7 {[%emt 0:10:44]} 18. O-O {[%emt 0:09:30]} O-O {[%emt 0:03:48]} 19. Rad1 {[%emt 0:08:40]} c4 {[%emt 0:02:20]} 20. a5 {[%emt 0:04:34]} a6 21. Qb4 {[%emt 0:05:49]} Be7 {[%emt 0:01:01]} 22. Qa4 {[%emt 0:00:26]} b5 {[%emt 0:00:05]} 23. Qc2 {[%emt 0:00:08]} f6 {[%emt 0:01:06]} 24. e4 {[%emt 0:03:07]} b4 {[%emt 0:02:47]} 25. exd5 {[%emt 0:02:17]} exd5 {[%emt 0:00:56]} 26. Nh4 {[%emt 0:05:59]} Kg7 {[%emt 0:02:37]} 27. Rde1 {[%emt 0:03:18]} Rf7 {[%emt 0:02:01]} 28. Re3 {[%emt 0:05:21]} bxc3 {[%emt 0:01:23]} 29. bxc3 {[%emt 0:01:37]} Qb5 {[%emt 0:03:52]} 30. Rfe1 {[%emt 0:01:02]} Ba3 {[%emt 0:00:42]} 31. Re8 {[%emt 0:02:37]} Qb2 {[%emt 0:07:44]} 32. Qa4 {[%emt 0:09:22]} Rcc7 {[%emt 0:02:52]} 33. R8e6 {[%emt 0:16:36]} Qb3 {[%emt 0:02:05]} 34. Qxb3 cxb3 {[%emt 0:00:07]} 35. Rxa6 {[%emt 0:07:40]} Rxc3 {[%emt 0:00:22]} 36. Rb6 {[%emt 0:00:10]} b2 {[%emt 0:00:12]} 37. Nf3 {[%emt 0:00:52]} Rfc7 {[%emt 0:04:42]} 38. Nd2 {[%emt 0:01:00]} Rc1 {[%emt 0:02:42]} 39. Rf1 {[%emt 0:01:14]} R7c2 {[%emt 0:01:34]} 40. a6 {[%emt 0:00:00]} Rc8 {[%emt 0:00:00]} 41. Nb1 {[%emt 0:07:31]} Bb4 {[%emt 0:16:58]} 42. Rb7+ {[%emt 0:11:08]} Kh6 {[%emt 0:01:11]} 43. a7 {[%emt 0:06:58]} Rxf1+ {[%emt 0:01:01]} 44. Kxf1 {[%emt 0:00:06]} Rc1+ {[%emt 0:00:06]} 45. Ke2 {[%emt 0:00:15]} Rxb1 46. Rxb4 {[%emt 0:01:14]} Ra1 {[%emt 0:00:26]} 47. Rxb2 {[%emt 0:00:34]} Rxa7 {[%emt 0:00:04]} 48. Rb5 {[%emt 0:00:08]} Rd7 {[%emt 0:00:05]} 49. Kd3 {[%emt 0:00:27]} Kg5 {[%emt 0:00:24]} 50. Kc3 {[%emt 0:01:56]} Kf5 {[%emt 0:00:09]} 51. Kb4 {[%emt 0:00:18]} Ke6 {[%emt 0:00:06]} 52. Rb6+ {[%emt 0:00:03]} Kf5 {[%emt 0:09:29]} 53. Kc5 {[%emt 0:02:33]} g5 {[%emt 0:06:43]} 54. g4+ {[%emt 0:02:09]} Ke4 {[%emt 0:04:18]} 55. Re6+ {[%emt 0:01:09]} Kf4 {[%emt 0:01:21]} 56. Rxf6+ {[%emt 0:00:14]} Kxg4 {[%emt 0:00:08]} 57. Rd6 {[%emt 0:00:05]} Rf7 {[%emt 0:00:12]} 58. Rxd5 {[%emt 0:00:50]} Rxf2 59. g3 {[%emt 0:00:27]} Rc2+ {[%emt 0:01:56]} 60. Kb4 {[%emt 0:00:44]} h6 {[%emt 0:01:23]} 61. Rd6 {[%emt 0:02:20]} Kxg3 {[%emt 0:00:34]} 62. Rxh6 {[%emt 0:00:09]} g4 {[%emt 0:00:02]} 63. d5 {[%emt 0:00:09]} Kf3 {[%emt 0:00:12]} 64. d6 {[%emt 0:00:48]} g3 {[%emt 0:00:17]} 65. Rg6 {[%emt 0:00:40]} g2 {[%emt 0:00:16]} 66. Kb5 {[%emt 0:00:45]} Kf2 {[%emt 0:00:34]} 67. Kb6 {[%emt 0:00:36]} g1=Q 68. Rxg1 {[%emt 0:00:00]} Kxg1 {[%emt 0:03:30]} 69. d7 {[%emt 0:00:00]} Rd2 {[%emt 0:00:13]} 70. Kc7 {[%emt 0:00:00]} Rxd7+ {[%emt 0:00:06]} 71. Kxd7 {[%emt 0:00:00]} 1/2-1/2

[Event "European School-ch 2019"]
[Site "Mamaia"]
[Date "2019.06.03"]
[Round "4.34"]
[White "Celik, Ali Alper"]
[Black "Danila, Tudor-Gabriel"]
[Result "1-0"]
[WhiteElo "1169"]
[BlackElo "1336"]
[Annotator "NA"]
[PlyCount "41"]
[EventDate "2019.05.31"]
[EventType "swiss"]
[EventCountry "ROU"]
[SourceTitle "playchess.com"]
[Source "ChessBase"]
[SourceQuality "1"]
[TimeControl "40/5400+30:1800+30"]

1. e4 {[%emt 0:00:00]} c5 {[%emt 0:00:00]} 2. Nc3 {[%emt 0:00:00]} g6 {[%emt 0:00:00]} 3. Nge2 {[%emt 0:00:00]} Bg7 {[%emt 0:00:00]} 4. g3 {[%emt 0:00:44]} Nc6 {[%emt 0:00:04]} 5. Bg2 {[%emt 0:00:50]} e6 {[%emt 0:00:46]} 6. O-O {[%emt 0:00:34]} Nge7 {[%emt 0:00:19]} 7. d3 {[%emt 0:05:53]} d5 8. exd5 {[%emt 0:02:49]} exd5 {[%emt 0:00:16]} 9. Nf4 {[%emt 0:03:04]} Be6 {[%emt 0:34:57]} 10. Re1 {[%emt 0:10:49]} Nd4 {[%emt 0:00:07]} 11. Ncxd5 {[%emt 0:02:46]} O-O {[%emt 0:00:47]} 12. Nxe6 {[%emt 0:07:48]} fxe6 {[%emt 0:00:16]} 13. Bg5 {[%emt 0:01:21]} Ndc6 {[%emt 0:03:49]} 14. Rxe6 {[%emt 0:03:20]} Re8 {[%emt 0:00:07]} 15. Qe2 {[%emt 0:02:42]} Nd4 {[%emt 0:16:40]} 16. Qe4 {[%emt 0:11:25]} Nxe6 {[%emt 0:00:27]} 17. Qxe6+ {[%emt 0:02:42]} Kf8 {[%emt 0:00:17]} 18. Nf6 {[%emt 0:02:20]} Bxf6 {[%emt 0:08:38]} 19. Bh6+ {[%emt 0:00:55]} Bg7 {[%emt 0:00:04]} 20. Qf6+ {[%emt 0:00:11]} Kg8 {[%emt 0:00:04]} 21. Qxg7# {[%emt 0:00:10]} 1-0